LEADER 00765nam a2200193 i 4500 001 000000033365 003 CaOOAMICUS 005 20180830125450.0 008 180830s1876 fr u000 u und u 040 $aSeMil$bita 100 1 $aLa Guéronnière, Louis Étienne Arthur : Dubreuil-Helion.$0(OLS)http://semarc/name/15292 245 13$aLe droit public et l'Europe moderne /$cpar le Vte De La Guéronnière. 260 $aParis :$bHachette et C.,$c1876. 300 $a2 v. ;$c23 cm. 650 4$aDiritto pubblico.$0(OLS)http://semarc/subject/847 774 0 $tTome 1.$g1$w()131880 774 0 $tTome 2.$g2$w()251131 996 $6245$aLe droit public et l'Europe moderne$9(OLS)http://semarc/title/45146 996 $6260$aParis :$bHachette et C.$9(OLS)http://semarc/publisher/31563 LEADER 01112nam a2200241 i 4500 001 000000178868 003 CaOOAMICUS 005 20200507155033.0 008 090415s1966 xxu u000 u mul u 013 $a156443 040 $aSeMil$bita 245 10$a2 /$cJohannis Wyclif. 264 1$aNew York ; London :$bJohnson reprint corporation ;$aFrankfurt am Main :$bMinerva,$c1966. 300 $aXLVI, 236 p. ;$c23 cm. 500 $aRipr. facs. dell'ed.: London : Trübner, 1896. 700 1 $aWyclif, John,$d.$0(OLS)http://semarc/name/9423 773 0 $aWyclif, John $tTractatus De logica.$dNew York ; London : Johnson reprint corporation ; Frankfurt am Main : Minerva, 1966.$b1. repr.$w()21098 850 $aSeMil 852 $aSeMil$W1$xVenegono$y1$m2Q II 244$j129638$B129638$CSeMilBibl$Z2$F141132 $81 996 $6245$a2$9(OLS)http://semarc/title/46890 996 $6264$aNew York ; London :$bJohnson reprint corporation$9(OLS)http://semarc/publisher/35450 996 $6264$aFrankfurt am Main :$bMinerva$9(OLS)http://semarc/publisher/58968 LEADER 01206nam a2200289 4500 001 000000366457 003 CaOOAMICUS 005 20260219124815.0 008 260218s2026 it 000 u ita r 020 $a978-88-6894-849-8 040 $aSeMil$bita 100 1 $aBusca, Marco,$d<1951- >.$0(OLS)http://semarc/name/44722 245 10$aLuigi Gonzaga :$bun santo giovane /$cMarco Busca. 264 1$aMilano :$bCentro Ambrosiano ;$aMantova :$bLa Cittadella,$c2026. 300 $a145 p. ;$c21 cm 490 1 $aImpronte di fede 600 04$aGonzaga, Luigi .$0(OLS)http://semarc/subject/8735 830 0$aImpronte di fede.$0(OLS)http://semarc/title/458214 850 $aSeMil 852 $aSeMil$W1$xVenegono$y1$m3H II 661$j267365$B257198$CSeMilBibl$Z2$F257198 $81 941 1 $a7 961 $aOmaggio mons. Mario Delpini 996 $6020$a978-88-6894-849-8$9(OLS)http://semarc/number/305315 996 $6245$aLuigi Gonzaga :$bun santo giovane$9(OLS)http://semarc/title/458213 996 $6264$aMilano :$bCentro Ambrosiano$9(OLS)http://semarc/publisher/29766 996 $6264$aMantova :$bLa Cittadella$9(OLS)http://semarc/publisher/45449 LEADER 01243nam a2200277 i 4500 001 000000362813 003 CaOOAMICUS 005 20250514142415.0 008 250514s1987 gw u000 u ger u 020 $a3-16-145293-3$c(kt) 020 $a3-16-145294-1$c(pb) 040 $aSeMil$bita 100 1 $aEbeling, Gerhard,$d<1912-2001>.$0(OLS)http://semarc/name/605 245 10$a1: Prolegomena ; Der Glaube an Gott den Schöpfer der Welt /$cGerhard Ebeling. 250 $a3., durchgesehene Aufl. 264 1$aTübingen :$bMohr Siebeck,$c1987. 300 $aXXVIII, 414 p. ;$c23 cm 773 0 $aEbeling, Gerhard <1912-2001>$tDogmatik des christlichen Glaubens.$dTübingen : Mohr Siebeck, 1982-1987.$g1$w()362812 850 $aSeMil 852 $aSeMil$W1$xVenegono$y1$m2B IV 379$j256953$B253711$CSeMilBibl$Z2$F253711 $81 961 $aBuzzi mons. Franco - Omaggio 996 $6020$a3-16-145293-3$c(kt)$9(OLS)http://semarc/number/303185 996 $6020$a3-16-145294-1$c(pb)$9(OLS)http://semarc/number/303186 996 $6245$a1: Prolegomena ; Der Glaube an Gott den Schöpfer der Welt$9(OLS)http://semarc/title/73069 996 $6264$aTübingen :$bMohr Siebeck$9(OLS)http://semarc/publisher/30329